LEADER 01264nam a2200289 i 4500 001 000000113742 003 CaOOAMICUS 005 20260311115822.0 008 100526s1988 it u000 u ita u 013 $a86428 020 $a88-10-20601-0 040 $aSeMil$bita 245 13$aLa Lettera agli Efesini /$cintroduzione, versione, commento di Romano Penna. 260 $aBologna :$bEDB,$c1988. 300 $a277 p. ;$c24 cm. 490 0 $aScritti delle origini cristiane ;$v10 650 4$aBibbia. Nuovo Testamento. Lettera agli Efesini - Commentari, studi, critica, interpretazioni.$0(OLS)http://semarc/subject/5917 700 1 $aPenna, Romano,$c.$0(OLS)http://semarc/name/769 830 0$aScritti delle origini cristiane ;$v10.$0(OLS)http://semarc/title/5925 850 $aSeMil 852 $aSeMil$W1$xVenegono$y1$m2WA S 10$j270271$B69400$CSeMilBibl$Z2$F92588 $81 941 1 $a4 961 $aOmaggio: Martini Card. Carlo Maria. -- Con dedica autografa dell'autore al card. Martini 996 $6020$a88-10-20601-0$9(OLS)http://semarc/number/96828 996 $6245$aLa Lettera agli Efesini$9(OLS)http://semarc/title/166124 996 $6260$aBologna :$bEDB$9(OLS)http://semarc/publisher/29669